| 000 | 01452cam a2200241 a 4500 | ||
|---|---|---|---|
| 999 |
_c7603 _d7603 |
||
| 003 | OSt | ||
| 005 | 20200316165217.0 | ||
| 008 | 080110s2008 ctuabf b 001 0 eng | ||
| 020 | _a9780300124880 (cloth : alk. paper) | ||
| 040 |
_aDLC _cDLC _dDLC |
||
| 082 | 0 | 0 |
_a307.760973 _222 _bUPT |
| 100 | 1 | _aUpton, Dell. | |
| 245 | 1 | 0 |
_aAnother city : _burban life and urban spaces in the new American republic / _cDell Upton. |
| 260 |
_aNew Haven : _bYale University Press, _cc2008. |
||
| 300 |
_ax, 395 p., [16] p. of plates : _bill. (some col.), maps (some col.) ; _c27 cm. |
||
| 504 | _aIncludes bibliographical references (p. 341-386) and index. | ||
| 505 | 0 | _aIntroduction -- Part I. The lived city -- Cities of perpetual ruin and repair -- The relics of civilized life -- The smell of danger -- Noise and gabble -- Seeing and believing -- Part II. Metropolitan improvements -- The grid and the republican spatial imagination -- Gridding consumption -- Permutations of the pigeonhole : architecture as memory -- Gridding the graveyard -- Gridded utopias -- Part III. Public spaces and private citizens -- On the waterfront -- In public walks -- Conclusion. | |
| 650 | 0 |
_aCities and towns _zUnited States _xHistory _y19th century. |
|
| 650 | 0 |
_aCity planning _zUnited States _xHistory _y19th century. |
|
| 651 | 0 |
_aUnited States _xHistory _y19th century. |
|
| 856 | 4 | 1 |
_3Table of contents only _uhttp://www.loc.gov/catdir/toc/ecip089/2008001346.html |
| 942 | _2ddc | ||